| 000 | 00713nam a22002177a 4500 | ||
|---|---|---|---|
| 005 | 20210430095358.0 | ||
| 008 | 210430b cr ||||| |||| 00| 0 spa d | ||
| 020 | _a9977650500 | ||
| 050 | 0 | 4 |
_aHT690.C8 _bC67 1992 |
| 100 | 1 | _aCoronado Guardía, Gabriel | |
| 245 | 1 | 0 |
_aPsicología y organización _c/ Gabriel Coronado Guardía, María Eugenia Pérez Bonilla |
| 250 | _a1a ed. | ||
| 260 |
_aCosta Rica : _bEuna, _c1992 |
||
| 300 |
_a144 p. : _bil. ; _c21 cm. |
||
| 490 | 0 | _aGuayabo | |
| 504 | _aBibliografía : p. 139-142 | ||
| 651 | 7 |
_2lemb _zCosta Rica _aClase media _xEstadística |
|
| 651 | 7 |
_2lemb _zCosta Rica _aClase media _xActitudes |
|
| 700 | 1 | _aPérez Bonilla, María Eugenia | |
| 942 |
_2lcc _cLIB |
||
| 999 |
_c155651 _d155649 |
||